Captain Duck (Record no. 124374)
[ view plain ]
| 000 -LÍDER | |
|---|---|
| campo de controle de tamanho fixo | 00761 a2200241 4500 |
| 001 - NÚMERO DE CONTROLE | |
| campo de controle | 124374 |
| 020 ## - ISBN - INTERNATIONAL STANDARD BOOK NUMBER | |
| ISBN - International Standard Book Number | 9780007130115 |
| 040 ## - FONTE DA CATALOGAÇÃO | |
| Instituição que transcreveu o registro | Escola Canadense de Niteroi |
| 090 ## - NÚMERO DE CHAMADA LOCAL | |
| Número de chamada (OCLC) (R); Número de chamada, CALL (RLIN) (NR) | C3 - ALB |
| 100 ## - ENTRADA PRINCIPAL--NOME PESSOAL | |
| Nome pessoal | Alborough, Jez |
| 245 10 - TÍTULO | |
| Título | Captain Duck |
| 250 ## - EDIÇÃO | |
| Edição | 1st. ed. |
| 260 ## - PUBLICAÇÃO, DISTRIBUIÇÃO, ETC. | |
| Local de publicação, distribuição, etc. | London |
| 300 ## - DESCRIÇÃO FÍSICA | |
| Extensão | 40 p. |
| Dimensões | 5 x 0.5 x 9.75 inches |
| 362 0# - DATAS DE PUBLICAÇÃO E/OU DESIGNAÇÃO SEQUENCIAL | |
| Datas de publicação e/ou designação sequencial | 2003 |
| 490 0# - TÍTULO DA SÉRIE | |
| Título da série | Duck in the truck |
| 520 ## - NOTA DE RESUMO, ETC | |
| Resumo, etc. | Goat thinks his boat is safely moored. He doesn't see Duck jump on board. Soon Sheep and Frog are all at sea with their map and thermos of tea. Who knows what dangers are afloat when Duck is captain of the boat? |
| 650 #4 - ASSUNTO--TERMO TÓPICO | |
| Cabeçalho tópico ou nome geográfico | Sailing |
| 650 #4 - ASSUNTO--TERMO TÓPICO | |
| Cabeçalho tópico ou nome geográfico | Transportation |
| 650 #4 - ASSUNTO--TERMO TÓPICO | |
| Cabeçalho tópico ou nome geográfico | Humorous stories |
| 650 #4 - ASSUNTO--TERMO TÓPICO | |
| Cabeçalho tópico ou nome geográfico | Kindergarten's Literature |
| 942 ## - ELEMENTOS DE ENTRADA ADICIONADOS (KOHA) | |
| Tipo de material Koha | Livros |
| Situação do descarte | Situação das perdas | Situação física | Não pode ser emprestado | Biblioteca de origem | Biblioteca atual | Data de aquisição | Total de empréstimos | Número de chamada completo | Código de barras | Data de último acesso | Data do preço efetivo | Tipo de material Koha |
|---|---|---|---|---|---|---|---|---|---|---|---|---|
| Canadian School of Niterói - Piratininga | Canadian School of Niterói - Piratininga | 09/02/2024 | C3 - ALB | A02991 | 09/02/2024 | 09/02/2024 | Livros |